Quick Pick: 'I' Latin Phrases Quiz Stats

 Plays Quiz Updated Nov 6, 2017

Challenge
Share
Tweet
Embed
Score 0/10 Timer 01:30
0 Plays Today
% Correct
Invicta
87.3%
Ipso facto
87.1%
In articulo mortis
86.4%
Iuventuti nil arduum
83.1%
In cauda venenum
81.9%
In vitro
78.8%
In media res
77.5%
Id est
74.1%
Intra muros
72%
Instante mense
64.8%

Today's Daily Dose

Missing Word
Britpop Albums

Word Ladder
Sing It!

On This Day
December 14th II

You're not logged in!

Compare scores with friends on all Sporcle quizzes.
OR
Log In

You Might Also Like...

Show Comments

Extras

Top Quizzes Today


Score Distribution

Your Account Isn't Verified!

In order to create a playlist on Sporcle, you need to verify the email address you used during registration. Go to your Sporcle Settings to finish the process.

Report this User

Report this user for behavior that violates our Community Guidelines.

Details: